| 000 | 00695aam a2200265 4500 | ||
|---|---|---|---|
| 005 | 20160512121227.0 | ||
| 008 | 150902b xxu||||| |||| 00| 0 spa d | ||
| 041 | _aspa | ||
| 082 |
_a658.15 _bG536f |
||
| 100 |
_aGitman, Lawrence _95501 |
||
| 245 | _aFundamentos de administración financiera | ||
| 250 | _a3 edición | ||
| 260 | _aMéxico | ||
| 260 | _bHarla | ||
| 260 | _c1986 | ||
| 300 | _a766 páginas | ||
| 650 |
_aADMINISTRACION FINANCIERA _927 |
||
| 650 |
_aCONCEPTOS FINANCIEROS _99437 |
||
| 650 |
_aPRESUPUESTO _99438 |
||
| 650 |
_aACTIVOS FIJOS _969 |
||
| 650 |
_aCAPITAL _929 |
||
| 650 |
_aENTORNO FINANCIERO _99439 |
||
| 650 |
_aFRACASO DE LAS EMPRESAS _99440 |
||
| 942 | _cBK | ||
| 999 |
_c755 _d755 |
||